1011 1742 1705 1391 1635 1223 1230 1665 1738 1282 1034 1795 1701 1160 1857 1521 1547 1114 1502 1888 1252 1929 1134 1198 1419 1053 1400 1459 1501 1967 1327 1225 1751 1127 1846 1390 1125 1579 1911 1132 1258 1784 1033 1759 1863 1893 1212 1065 1457 1216 1206 1399 1925 1593 1757 1164 1911 1672 1191 1479 1154 1245 1489 1331 1503 1248 1154 1041 1627 1914 1359 1397 1026 1213 1499 1273 1064 1021 1829 1499 1901 1040 1395 1133 1717 1406 1125 1345 1873 1371 1251 1025 1162 1868 1400 1322 1114 1356 1444 BCNSPRNW ULIB Ver.6.0+V

เปลี่ยนเป็นภาษาไทย

Change to English
 แสดงรายละเอียดบรรณานุกรม
  กลับหน้าหลัก

Brief Record : Get Marc (ISO 2709) : E-mail record : QR code < ปิดหน้าต่าง
LEADER : 00000nam 2200000uu 4500
001    13399124426
003     ULIB
008    150713s2558||||th 000 0 tha d
020    ^a9786163615343
060  0 WB935^bบ427 ล.1
100 0  ^aบุญชัย อิศราพิสิษฐ์
245 10 ^aพิชิตโรคโดยไม่ใช้ยา เล่ม 1 ตอน ปฏิวัติชีวิต--ปฏิวัติสุขภาพ /^cบุญชัย อิศราพิสิษฐ์
250    ^aพิมพ์ครั้งที่ 6
260    ^aกรุงเทพฯ :^bสุขภาพดี,^c2558
300    ^a276 หน้า :^bภาพประกอบ
500    ^aพิชิตโรคร้าย--โดยไม่ใช้ยา สุดยอดหนังสือดี เล่ม 1
650  7 ^aการดูแลสุขภาพด้วยตนเอง
650  7 ^aพฤติกรรมสุขภาพ
650  7 ^aการรักษาด้วยธรรมชาติ
650  7 ^aการดูแลตนเอง
945    ^p200^l0^i039531
999    ^aเกษร โพธิ์สุวรรณ
รายการนี้ยังไม่มีแท็ก
คุณยังไม่ได้ล็อกอิน คุณสามารถมีกิจกรรมร่วมกับเว็บไซต์ได้ แต่ต้องล็อกอินก่อน ::
  ล็อกอิน

รายการสื่อสารสนเทศ

ลำดับที่ ประเภท เลขเรียก/บาร์โค้ด สถานที่ สถานะ
1. วิทยาศาสตร์การแพทย์ และสุขภาพ
วิทยาศาสตร์การแพทย์ และสุขภาพ
สถานะ=หนังสือเก่า
WB935 บ427 ล.1 ฉ.1 
  Barcode: 039531
ห้องสมุดวิทยาเขตสวรรค์ประชารักษ์
►ส่วนจัดเก็บหนังสือเก่า สปร
บนชั้น
  ขอยืม

รายการใกล้เคียง
    ผู้แต่ง [บุญชัย อิศราพิสิษฐ์]

    หัวเรื่อง [การดูแลสุขภาพด้วยตนเอง]
    หัวเรื่อง [พฤติกรรมสุขภาพ]
    หัวเรื่อง [การรักษาด้วยธรรมชาติ]
    หัวเรื่อง [การดูแลตนเอง]

BibComment


ยังไม่เคยถูกคอมเมนท์

คอมเมนท์ทรัพยากรรายการนี้
  คอมเมนท์: พิชิตโรคโดยไม่ใช..


 Copyright 2026. Bcnsprnw @Library